|
|
|
|
| LEADER |
00000cam a22000007a 4500 |
| 001 |
27084 |
| 003 |
CZ-ZlUTB |
| 005 |
20190825235149.0 |
| 007 |
ta |
| 008 |
060206s2004 xr |||||r|||||||||||cze|d |
| 020 |
|
|
|a 807204348X
|q (brož.)
|
| 035 |
|
|
|a (OCoLC)85129528
|
| 040 |
|
|
|a BOA001
|b cze
|c BOA001
|d ZLD002
|
| 072 |
|
7 |
|a 378
|x Vysoké školy
|2 Konspekt
|9 22
|
| 080 |
|
|
|a 378.2
|2 MRF
|
| 080 |
|
|
|a (072)
|2 MRF
|
| 100 |
1 |
|
|a Pokorný, Jiří,
|d 1946-
|7 ola2002110771
|4 aut
|
| 245 |
1 |
0 |
|a Úspěšnost zaručena :
|b jak efektivně zpracovat a obhájit diplomovou práci /
|c Jiří Pokorný
|
| 246 |
3 |
0 |
|a Jak efektivně zpracovat a obhájit diplomovou práci
|
| 250 |
|
|
|a Vyd. 1.
|
| 260 |
|
|
|a Brno :
|b Akademické nakladatelství CERM,
|c 2004
|
| 300 |
|
|
|a 207 s. ;
|c 25 cm
|
| 504 |
|
|
|a Obsahuje bibliografii a rejstřík
|
| 650 |
0 |
7 |
|a diplomové práce
|7 ph114327
|2 czenas
|
| 655 |
|
7 |
|a metodické příručky
|7 fd132826
|2 czenas
|
| 910 |
|
|
|a ZLD002
|
| 952 |
|
|
|0 0
|1 0
|4 0
|6 001POKORNÝJ
|7 0
|8 BOOK
|9 54723
|a UTBZL
|b UTBZL
|c 005
|d 2007-10-03
|l 0
|o 001/POKORNÝ,J.
|p 420010110080
|r 2019-08-25 00:00:00
|v 200.00
|w 2019-08-25
|x N:nákup | 20100831
|y 01
|
| 952 |
|
|
|0 0
|1 0
|4 0
|6 001POKORNÝJ
|7 0
|8 BOOK
|9 54724
|a UTBZL
|b UTBZL
|c 006
|d 2007-12-03
|i 210
|l 4
|o 001/POKORNÝ,J.
|p 420010106270
|r 2019-08-25 00:00:00
|v 200.00
|w 2019-08-25
|x 20100831
|y 04
|
| 952 |
|
|
|0 0
|1 0
|4 0
|6 001POKORNÝJ
|7 0
|8 BOOK
|9 54725
|a UTBZL
|b UTBZL
|c 006
|d 2006-07-29
|l 3
|o 001/POKORNÝ,J.
|p 420010098735
|r 2019-08-25 00:00:00
|v 200.00
|w 2019-08-25
|x N:nákup | 20100831
|y 04
|
| 952 |
|
|
|0 0
|1 0
|4 0
|6 001POKORNÝJ
|7 0
|8 BOOK
|9 54726
|a UTBZL
|b UTBZL
|c 006
|d 2007-10-03
|l 5
|o 001/POKORNÝ,J.
|p 420010110076
|r 2019-10-03 00:00:00
|s 2019-09-05
|v 200.00
|w 2019-08-25
|x N:nákup | 20100831
|y 04
|
| 952 |
|
|
|0 0
|1 0
|4 0
|6 001POKORNÝJ
|7 0
|8 BOOK
|9 54728
|a UTBZL
|b UTBZL
|c 006
|d 2007-10-03
|l 7
|o 001/POKORNÝ,J.
|p 420010110079
|r 2019-08-25 00:00:00
|v 200.00
|w 2019-08-25
|x N:nákup | 20100831
|y 04
|
| 952 |
|
|
|0 0
|1 0
|4 0
|6 001POKORNÝJ
|7 0
|8 BOOK
|9 54729
|a UTBZL
|b UTBZL
|c 006
|d 2007-10-03
|l 5
|o 001/POKORNÝ,J.
|p 420010110081
|r 2019-08-25 00:00:00
|v 200.00
|w 2019-08-25
|x N:nákup | 20100831
|y 04
|
| 952 |
|
|
|0 0
|1 0
|4 0
|6 001POKORNÝJ
|7 0
|8 BOOK
|9 54730
|a UTBZL
|b UTBZL
|c 030
|d 2007-12-03
|i 210
|l 0
|o 001/POKORNÝ,J.
|p 420010106269
|r 2019-08-25 00:00:00
|v 200.00
|w 2019-08-25
|x 20100831
|y 05
|
| 952 |
|
|
|0 0
|1 0
|4 0
|6 001POKORNÝJ
|7 0
|8 BOOK
|9 54731
|a UTBZL
|b UTBZL
|c 030
|d 2007-12-03
|i 210
|l 1
|o 001/POKORNÝ,J.
|p 420010106271
|r 2019-08-25 00:00:00
|v 200.00
|w 2019-08-25
|x 20100831
|y 05
|
| 952 |
|
|
|0 0
|1 0
|4 0
|6 001POKORNÝJ
|7 0
|8 BOOK
|9 54732
|a UTBZL
|b UTBZL
|c 030
|d 2007-07-16
|l 2
|o 001/POKORNÝ,J.
|p 420010106129
|r 2019-08-25 00:00:00
|v 200.00
|w 2019-08-25
|x N:nákup | 20100831
|y 05
|
| 952 |
|
|
|0 0
|1 0
|4 0
|6 001POKORNÝJ
|7 0
|8 BOOK
|9 54733
|a UTBZL
|b UTBZL
|c 030
|d 2007-10-03
|l 1
|o 001/POKORNÝ,J.
|p 420010110077
|r 2019-08-25 00:00:00
|v 200.00
|w 2019-08-25
|x N:nákup | 20100831
|y 05
|
| 992 |
|
|
|a BK
|b SK
|d 34
|
| 901 |
|
|
|f 1. vyd.
|o 20050525
|
| 999 |
|
|
|c 27084
|d 27084
|